000 01528nam a2200337 i 4500
001 89080
003 ES-MaACL
005 20250818043714.0
007 t|
008 050127s2004 sp ||||1| spa d
020 _a84-7522-811-9
080 _a821.134.2 Cervantes Saavedra, Miguel de 7 Quijote.07
080 _a821.134.2 Zorrilla, José 7 Don Juan Tenorio.07
080 _a821.134.2 Rojas, Fernando de 7 Celestina.07
100 1 _aMaeztu, Ramiro de,
_d1875-1936
_975421
245 1 0 _aDon Quijote, Don Juan y la Celestina
_b: ensayos en simpatía /
_cRamiro de Maeztu ; prólogo de José-Carlos Mainer.
260 _aMadrid :
_bComunidad de Madrid, Consejería de Educación :
_bVisor Libros,
_c[2004]
300 _a188 p. ;
_c22 cm.
490 1 _aLetras madrileñas contemporáneas ;
_v11
600 1 4 _aCervantes Saavedra, Miguel de,
_d1547-1616.
_tDon Quijote de la Mancha
_937612
600 1 4 _aZorrilla, José,
_d1817-1893.
_tDon Juan Tenorio
_9172772
600 1 4 _aRojas, Fernando de,
_dca. 1470-1541.
_tLa Celestina
_999043
650 4 _aDon Quijote (Personaje de ficción)-
_xEn la literatura.
_9172771
650 4 _aDon Juan (Personaje de ficción)-
_xEn la literatura.
_9157464
650 7 _aCelestina (Personaje de ficción)
_2embne
_9172770
700 1 _aMainer, José-Carlos,
_d1944-
_975599
710 1 _aMadrid (Comunidad Autónoma).
_bConsejería de Educación.
_95600
830 1 _aLetras madrileñas contemporáneas ;
_v11
_9180341
852 _aES-MaACL
_jL-28717
999 _c89080
_d89080